[Event "4NCL Division 3 North"]
[Site "Doncaster, ENG"]
[Date "2019.11.10"]
[Round "2.26"]
[White "Nicholson, Jim W R"]
[Black "Jones, Dewi"]
[Result "1-0"]
[WhiteElo "1983"]
[BlackElo "1690"]
[PlyCount "85"]
[EventDate "2019.11.10"]
[WhiteTeam "Bradford DCA Knights A"]
[BlackTeam "J'Adoube 2"]

1. d4 Nf6 2. Nf3 g6 3. Bg5 Bg7 4. Nbd2 d6 5. c3 Nbd7 6. e4 O-O 7. Bd3 e5 8.
dxe5 Nxe5 9. Nxe5 dxe5 10. Qe2 Qd7 11. f3 Re8 12. O-O-O a6 13. g4 Qa4 14. Bc4
b5 15. Bb3 Qa5 16. h4 Be6 17. h5 Bxb3 18. axb3 Nd7 19. hxg6 fxg6 20. Qh2 Nf8
21. Bh6 Re7 22. Bxg7 Rxg7 23. Qxe5 Rd8 24. Nc4 Rxd1+ 25. Rxd1 Qa1+ 26. Kc2
Qxd1+ 27. Kxd1 bxc4 28. bxc4 Kh8 29. g5 Kg8 30. f4 Nd7 31. Qe8+ Nf8 32. c5 c6
33. Ke2 a5 34. Qxc6 a4 35. Qd5+ Kh8 36. c6 a3 37. bxa3 h6 38. gxh6 Rh7 39. Qe5+
Kg8 40. c7 g5 41. c8=Q gxf4 42. Qg4+ Ng6 43. Qe8# 1-0

[Event "4NCL Division 3 North"]
[Site "Doncaster, ENG"]
[Date "2019.11.10"]
[Round "2.31"]
[White "Lewis, Christopher D"]
[Black "Rita, Joao"]
[Result "0-1"]
[WhiteElo "1975"]
[BlackElo "2050"]
[PlyCount "44"]
[EventDate "2019.11.10"]
[WhiteTeam "Shropshire 2"]
[BlackTeam "3Cs 2"]

1. e4 c6 2. d4 d5 3. Nc3 dxe4 4. Nxe4 Nf6 5. Ng3 g6 6. Be2 Bg7 7. Nf3 e5 8. c3
exd4 9. Nxd4 O-O 10. O-O c5 11. Nb5 Bd7 12. Be3 a6 13. Nd6 Qc7 14. Nde4 Bc6 15.
Qc2 Nd5 16. Bxc5 Rd8 17. Qb3 Nd7 18. Bd6 Qc8 19. c4 Nf4 20. Bf3 Nf8 21. Ba3 Rd3
22. Qc2 Rxf3 0-1

[Event "4NCL Division 3 North"]
[Site "Doncaster, ENG"]
[Date "2019.11.10"]
[Round "2.32"]
[White "Burke, Mitchell R"]
[Black "Gostelow, David W"]
[Result "1-0"]
[WhiteElo "2095"]
[BlackElo "1952"]
[PlyCount "143"]
[EventDate "2019.11.10"]
[WhiteTeam "3Cs 2"]
[BlackTeam "Shropshire 2"]

1. e4 c5 2. Nc3 e6 3. f4 d5 4. Nf3 Nc6 5. Bb5 dxe4 6. Bxc6+ bxc6 7. Nxe4 Ba6 8.
d3 Be7 9. c4 Nf6 10. Qe2 O-O 11. O-O Qb6 12. Nc3 Rad8 13. Na4 Qa5 14. b3 Bb7
15. Bb2 Rfe8 16. Rad1 Nd7 17. Ne5 Qc7 18. Qf2 Qa5 19. Qe1 Qc7 20. Nxd7 Rxd7 21.
Qe5 Qxe5 22. fxe5 Red8 23. Rf3 g5 24. Ba3 g4 25. Rg3 h5 26. Nxc5 Bxc5+ 27. Bxc5
Kh7 28. h3 a6 29. hxg4 hxg4 30. d4 Rg8 31. Kf2 Rg5 32. Rh1+ Kg6 33. Ke3 f5 34.
exf6 Kxf6 35. Rh6+ Kf5 36. Rh8 Rf7 37. Bd6 Rgg7 38. Rh4 Rg5 39. Rh8 Rgg7 40.
Rh4 Rg6 41. Bf4 Rg8 42. Rh5+ Kf6 43. Be5+ Ke7 44. Rh4 c5 45. dxc5 Rf1 46. Bd6+
Kf6 47. Rgxg4 Re1+ 48. Kd2 Rxg4 49. Rxg4 Ra1 50. Rf4+ Kg5 51. g3 Rxa2+ 52. Kc3
a5 53. Rf7 Be4 54. Ra7 Kf5 55. Rf7+ Kg6 56. Re7 Kf5 57. g4+ Kf6 58. Kd4 Bg2 59.
g5+ Kxg5 60. Rxe6 a4 61. bxa4 Rxa4 62. c6 Bf1 63. Be7+ Kg4 64. Rg6+ Kh5 65.
Rg5+ Kh6 66. Rc5 Ra8 67. c7 Bh3 68. Ke5 Kg6 69. Rb5 Rc8 70. Kd6 Kf7 71. Rh5 Bg4
72. Rh4 1-0

[Event "4NCL Division 3 North"]
[Site "Doncaster, ENG"]
[Date "2019.11.10"]
[Round "2.33"]
[White "Bennion, David"]
[Black "Adams, Philip"]
[Result "0-1"]
[WhiteElo "1907"]
[BlackElo "2042"]
[PlyCount "42"]
[EventDate "2019.11.10"]
[WhiteTeam "Shropshire 2"]
[BlackTeam "3Cs 2"]

1. e4 c6 2. d4 d5 3. exd5 cxd5 4. c4 Nf6 5. Nc3 g6 6. Nf3 Bg7 7. cxd5 Nxd5 8.
Bc4 Nxc3 9. bxc3 O-O 10. h4 Qc7 11. Qb3 Nc6 12. Ng5 e5 13. Bxf7+ Rxf7 14. h5
exd4 15. Nxf7 Qxf7 16. hxg6 hxg6 17. Qxf7+ Kxf7 18. Rb1 dxc3 19. Rh4 b6 20.
Rf4+ Kg8 21. Rc4 Bf5 0-1

[Event "4NCL Division 3 North"]
[Site "Doncaster, ENG"]
[Date "2019.11.10"]
[Round "2.34"]
[White "Gittens, Nathan L"]
[Black "Clark, Matthew D H"]
[Result "1-0"]
[WhiteElo "2012"]
[BlackElo "1892"]
[PlyCount "65"]
[EventDate "2019.11.10"]
[WhiteTeam "3Cs 2"]
[BlackTeam "Shropshire 2"]

1. d4 Nf6 2. Bg5 e6 3. Nd2 d5 4. e3 Be7 5. Bd3 Nbd7 6. f4 b6 7. Ngf3 Bb7 8.
Bxf6 Nxf6 9. Ne5 O-O 10. Qf3 c5 11. c3 Rc8 12. O-O-O cxd4 13. exd4 b5 14. Kb1
Qb6 15. Qh3 Ne4 16. Nd7 Qa5 17. Nxf8 Bxf8 18. Rhe1 b4 19. Nxe4 dxe4 20. cxb4
Bxb4 21. Bxe4 Bxe1 22. Qxh7+ Kf8 23. Bxb7 Rc7 24. Qe4 Bd2 25. Bc6 Qb4 26. a3
Qa5 27. d5 f5 28. Qxe6 Re7 29. Qxf5+ Kg8 30. Qc8+ Kh7 31. d6 Re1 32. Rxe1 Bxe1
33. Be4+ 1-0

[Event "4NCL Division 3 North"]
[Site "Doncaster, ENG"]
[Date "2019.11.10"]
[Round "2.35"]
[White "Desmedt, Richard"]
[Black "Ye, Kevin"]
[Result "0-1"]
[WhiteElo "1757"]
[BlackElo "1997"]
[PlyCount "110"]
[EventDate "2019.11.10"]
[WhiteTeam "Shropshire 2"]
[BlackTeam "3Cs 2"]

1. d4 d5 2. e3 Nf6 3. Bd3 c5 4. c3 Nc6 5. f4 Bg4 6. Nf3 e6 7. O-O Qc7 8. Qe1
Bf5 9. Be2 h6 10. Ne5 Ne4 11. Nd2 O-O-O 12. Ndf3 f6 13. Nxc6 bxc6 14. dxc5 Bxc5
15. b4 Bb6 16. Nd4 g5 17. g4 Bxd4 18. cxd4 Bg6 19. f5 exf5 20. gxf5 Bf7 21. Bb2
h5 22. b5 Be8 23. Rc1 g4 24. bxc6 Kb8 25. Qb4+ Ka8 26. Ba6 Nd6 27. Ba3 g3 28.
Bb7+ Nxb7 29. cxb7+ Qxb7 30. Qxb7+ Kxb7 31. hxg3 Bb5 32. Rf2 Bc4 33. Be7 Rdg8
34. Bd6 h4 35. Rh2 hxg3 36. Rxh8 Rxh8 37. a3 Rh5 38. Bxg3 Rxf5 39. Bf4 Rh5 40.
Kg2 Rh7 41. Rb1+ Kc6 42. Rb8 f5 43. Rc8+ Kb6 44. Be5 Rd7 45. Rc5 Re7 46. Bf4
Bd3 47. Kf2 Be4 48. Ke1 Rg7 49. Kd2 Rg2+ 50. Kc3 Rc2+ 51. Kb4 a5+ 52. Kb3 Rxc5
53. dxc5+ Kxc5 54. Ka4 Kb6 55. Bg5 Bc2# 0-1

[Event "4NCL Division 3 North"]
[Site "Doncaster, ENG"]
[Date "2019.11.10"]
[Round "2.36"]
[White "Ahmed, Helal"]
[Black "Ross, Stuart"]
[Result "1-0"]
[WhiteElo "1780"]
[BlackElo "1742"]
[PlyCount "111"]
[EventDate "2019.11.10"]
[WhiteTeam "3Cs 2"]
[BlackTeam "Shropshire 2"]

1. d4 Nf6 2. Nf3 e6 3. Bf4 c5 4. c3 Nc6 5. e3 d5 6. Bd3 Bd6 7. Bg3 O-O 8. Nbd2
b6 9. O-O Bb7 10. Qe2 Ne7 11. Bxd6 Qxd6 12. Ne5 Ng6 13. f4 Ne4 14. Nxe4 dxe4
15. Bc2 Rac8 16. Rad1 Nxe5 17. dxe5 Qe7 18. Rd6 Rcd8 19. Rfd1 c4 20. Qxc4 Bd5
21. Qb4 Rxd6 22. exd6 Qb7 23. c4 a5 24. Qb3 Bc6 25. Qc3 Qd7 26. Qd4 Qb7 27. a4
Rd8 28. Qe5 Qd7 29. b3 f6 30. Qd4 Qb7 31. Qc3 Qb8 32. Qd4 Qb7 33. Bb1 Kf7 34.
Bc2 Rd7 35. Kf2 Qb8 36. Qd2 Qd8 37. b4 axb4 38. Qxb4 Qb8 39. Bb3 Qb7 40. h3 f5
41. Qc3 Qa8 42. Qb4 Qb7 43. Rb1 Qa6 44. Qc3 Rd8 45. Qe5 Bd7 46. g4 Qa5 47. Qxa5
bxa5 48. gxf5 exf5 49. c5+ Kf6 50. Bd5 Rc8 51. Rc1 Bxa4 52. c6 Rf8 53. c7 Bd7
54. Bb7 Ke6 55. c8=Q Rxc8 56. Bxc8 1-0

[Event "4NCL Division 3 North"]
[Site "Doncaster, ENG"]
[Date "2019.11.10"]
[Round "2.41"]
[White "Gardiner, Eric D"]
[Black "Cooper, Gavyn"]
[Result "1/2-1/2"]
[WhiteElo "1960"]
[BlackElo "2230"]
[PlyCount "118"]
[EventDate "2019.11.10"]
[WhiteTeam "Euwe's North Sea Tigers"]
[BlackTeam "Shropshire 1"]

1. d4 Nf6 2. Bg5 e6 3. e4 h6 4. Bxf6 Qxf6 5. Nc3 d6 6. Qd2 Nd7 7. O-O-O e5 8.
Nd5 Qd8 9. f4 c6 10. Nc3 Be7 11. Nf3 Qc7 12. fxe5 dxe5 13. d5 Bf6 14. Qf2 Qb6
15. Qg3 h5 16. Nh4 Nc5 17. Be2 g5 18. Qf3 Rh6 19. Nf5 g4 20. Nd6+ Kd8 21. Qg3
h4 22. Nxc8 Bg5+ 23. Kb1 hxg3 24. Nxb6 axb6 25. dxc6+ Kc7 26. cxb7 Kxb7 27.
hxg3 Rxh1 28. Rxh1 Bd2 29. Bxg4 Bxc3 30. bxc3 Rg8 31. Bf3 Na4 32. Rh7 Kc6 33.
a3 Kb5 34. Rxf7 Nxc3+ 35. Kb2 Na4+ 36. Kc1 Kc4 37. Be2+ Kc3 38. Rf3+ Kd4 39.
Kd2 Kxe4 40. Bd3+ Kd5 41. Bf5 Nc5 42. g4 e4 43. Rf1 Ra8 44. Ra1 Ke5 45. a4 Kf4
46. Ra3 Ra5 47. g3+ Ke5 48. c4 Nxa4 49. Rb3 Kd4 50. Rb5 e3+ 51. Ke1 Nc3 52.
Rxa5 bxa5 53. Bc2 Kxc4 54. g5 Kd5 55. g6 Ke6 56. g4 Kf6 57. g5+ Kg7 58. Kf1 a4
59. Bxa4 Nxa4 1/2-1/2

[Event "4NCL Division 3 North"]
[Site "Doncaster, ENG"]
[Date "2019.11.10"]
[Round "2.42"]
[White "Paul, Nathanael"]
[Black "Collinson, Mark I"]
[Result "1/2-1/2"]
[WhiteElo "2072"]
[BlackElo "1982"]
[PlyCount "102"]
[EventDate "2019.11.10"]
[WhiteTeam "Shropshire 1"]
[BlackTeam "Euwe's North Sea Tigers"]

1. d4 Nf6 2. Bf4 g6 3. Nc3 d6 4. e4 Bg7 5. Qd2 c6 6. Nf3 Bg4 7. O-O-O O-O 8.
Bh6 Qa5 9. Be2 b5 10. e5 b4 11. Bxg7 bxc3 12. Qxc3 Qxc3 13. bxc3 Kxg7 14. exf6+
Kxf6 15. h3 Bxf3 16. Bxf3 d5 17. Kd2 Nd7 18. c4 Nb6 19. c5 Nc4+ 20. Kc3 e5 21.
Be2 exd4+ 22. Rxd4 Ne5 23. Rb4 Nd7 24. Kd4 Rfe8 25. Bf3 Nf8 26. c4 Ne6+ 27. Kc3
d4+ 28. Kc2 Rac8 29. Bg4 d3+ 30. Kd2 Rcd8 31. Bxe6 Rxe6 32. Re1 Rxe1 33. Kxe1
Ke5 34. Rb7 f5 35. Rxa7 Kd4 36. Kd2 Rb8 37. Rd7+ Kxc4 38. Rxd3 Rb2+ 39. Ke3
Rxf2 40. Rd6 Rxg2 41. Rxc6 Rxa2 42. Kf4 Ra3 43. h4 Rh3 44. Kg5 Kd5 45. Rc7 Rg3+
46. Kh6 f4 47. Kxh7 f3 48. Kh6 Ke6 49. Rc8 Kd7 50. Rf8 Kc6 51. Rc8+ Kd7 1/2-1/2

[Event "4NCL Division 3 North"]
[Site "Doncaster, ENG"]
[Date "2019.11.10"]
[Round "2.43"]
[White "Stephenson, David W"]
[Black "Hurney, Kevin"]
[Result "0-1"]
[WhiteElo "1808"]
[BlackElo "2012"]
[PlyCount "110"]
[EventDate "2019.11.10"]
[WhiteTeam "Euwe's North Sea Tigers"]
[BlackTeam "Shropshire 1"]

1. e4 d6 2. d4 Nf6 3. Nc3 g6 4. Bc4 Bg7 5. Qe2 Nc6 6. e5 Nxd4 7. exf6 Nxe2 8.
fxg7 Rg8 9. Ngxe2 e6 10. h4 d5 11. Bb3 Rxg7 12. Bh6 Rg8 13. O-O-O Bd7 14. Nxd5
exd5 15. Bxd5 c6 16. Bg5 Qc7 17. Bf4 Qc8 18. Bb3 Be6 19. Nd4 Bxb3 20. Nxb3 f6
21. Rhe1+ Kf7 22. Nc5 Re8 23. Rxe8 Qxe8 24. Nxb7 Kg8 25. b3 Qe4 26. Be3 Qxg2
27. Rd6 Re8 28. Bxa7 Qf1+ 29. Rd1 Qa6 30. Nd6 Qa3+ 31. Kb1 Rd8 32. Bb8 Rxb8 33.
Ne4 Qe7 34. f3 Rd8 35. Rg1 f5 36. Ng5 Rd2 37. h5 Qc5 38. Rc1 gxh5 39. Ne6 Qe5
40. Rg1+ Kh8 41. Ng5 Qg7 42. f4 h4 43. Re1 Qd7 44. Kc1 Rd4 45. a4 Rxf4 46. a5
h6 47. Nh3 Re4 48. Rd1 Qc7 49. Nf2 Qf4+ 50. Kb2 Qxf2 51. Rd7 Re2 52. a6 Rxc2+
53. Ka3 Qc5+ 54. b4 Qc3+ 55. Ka4 Ra2# 0-1

[Event "4NCL Division 3 North"]
[Site "Doncaster, ENG"]
[Date "2019.11.10"]
[Round "2.44"]
[White "Jamieson, Ian"]
[Black "Varley, Joe"]
[Result "1-0"]
[WhiteElo "1990"]
[BlackElo "1862"]
[PlyCount "85"]
[EventDate "2019.11.10"]
[WhiteTeam "Shropshire 1"]
[BlackTeam "Euwe's North Sea Tigers"]

1. b3 e5 2. Bb2 Nc6 3. e3 d5 4. Bb5 Bd6 5. f4 f6 6. Nh3 Be6 7. Qh5+ Bf7 8.
Bxc6+ bxc6 9. Qg4 Ne7 10. fxe5 fxe5 11. Nc3 O-O 12. O-O h6 13. e4 Bc5+ 14. Kh1
Bd4 15. d3 Ng6 16. Rae1 Qe7 17. Nf2 Nf4 18. exd5 Bh5 19. Qg3 cxd5 20. Nxd5 Qd6
21. Bxd4 Ne2 22. Rxe2 Bxe2 23. Bxe5 Qd7 24. Re1 Rf5 25. Rxe2 Rg5 26. Qf3 Rf8
27. Qe4 Rff5 28. d4 c5 29. Ne3 Rf8 30. Qd5+ Qxd5 31. Nxd5 cxd4 32. Ne7+ Kh7 33.
Bxd4 Re8 34. c4 Rg6 35. Bc5 Rc6 36. Nd3 Rc7 37. g3 Rd7 38. Nf4 a5 39. Nfd5 a4
40. b4 Rf8 41. Kg2 Rb7 42. b5 Rd8 43. Nc6 1-0

[Event "4NCL Division 3 North"]
[Site "Doncaster, ENG"]
[Date "2019.11.10"]
[Round "2.45"]
[White "Hackett, Thomas"]
[Black "Bryant, Richard B E"]
[Result "0-1"]
[WhiteElo "1705"]
[BlackElo "1982"]
[PlyCount "62"]
[EventDate "2019.11.10"]
[WhiteTeam "Euwe's North Sea Tigers"]
[BlackTeam "Shropshire 1"]

1. e4 e6 2. d4 b6 3. Bd3 Bb7 4. Nf3 Nf6 5. Nbd2 c5 6. c3 c4 7. Bc2 b5 8. O-O
Qc7 9. e5 Nd5 10. Ng5 Be7 11. Qh5 g6 12. Qg4 Nc6 13. Ndf3 a5 14. Bd2 b4 15. h4
h5 16. Qg3 Rg8 17. Ne4 a4 18. Bg5 Bf8 19. Nd6+ Bxd6 20. exd6 Qa5 21. Ne5 Qb5
22. Qf3 f5 23. Nxg6 Rxg6 24. Qxh5 Kf7 25. Qh7+ Rg7 26. Qh5+ Kg8 27. Bh6 Rh7 28.
g4 Kh8 29. g5 Nf4 30. Qf3 Ng6 31. Qh5 Nxd4 0-1

[Event "4NCL Division 3 North"]
[Site "Doncaster, ENG"]
[Date "2019.11.10"]
[Round "2.46"]
[White "Higgie, Charles L"]
[Black "Vijay Kakarparthi"]
[Result "1/2-1/2"]
[WhiteElo "1982"]
[BlackElo "1637"]
[PlyCount "55"]
[EventDate "2019.11.10"]
[WhiteTeam "Shropshire 1"]
[BlackTeam "Euwe's North Sea Tigers"]

1. e4 b6 2. d4 Bb7 3. Bd3 e6 4. Be3 Nf6 5. Nd2 c5 6. c3 cxd4 7. cxd4 Bb4 8. Qc2
Nc6 9. Ne2 Rc8 10. Nc3 a6 11. e5 Bxc3 12. bxc3 Nd5 13. Nc4 Nxe3 14. Nd6+ Kf8
15. fxe3 Nb4 16. Qb1 Nxd3+ 17. Qxd3 Bxg2 18. Rg1 Qh4+ 19. Kd2 Bf3 20. Qf1 Qxh2+
21. Kd3 Be2+ 22. Qxe2 Rxc3+ 23. Kxc3 Qxe2 24. Rae1 Qxa2 25. Ref1 Qa3+ 26. Kd2
Qb2+ 27. Kd3 Qb3+ 28. Kd2 1/2-1/2

[Event "4NCL Division 3 North"]
[Site "Doncaster, ENG"]
[Date "2019.11.10"]
[Round "2.51"]
[White "Bak, Christopher"]
[Black "Carpenter, Martin"]
[Result "1/2-1/2"]
[WhiteElo "2024"]
[BlackElo "2032"]
[PlyCount "84"]
[EventDate "2019.11.10"]
[WhiteTeam "Bradford DCA Knights B"]
[BlackTeam "Jorvik"]

1. c4 Nf6 2. g3 e6 3. Bg2 d5 4. Nf3 d4 5. O-O Be7 6. d3 O-O 7. e3 c5 8. b4 dxe3
9. Bxe3 cxb4 10. a3 Nc6 11. axb4 Bxb4 12. Qb3 a5 13. Na3 e5 14. Nc2 Bf5 15.
Nxb4 axb4 16. Rxa8 Qxa8 17. d4 exd4 18. Nxd4 Nxd4 19. Bxd4 Qa3 20. Qe3 Qxe3 21.
fxe3 Bd3 22. Rf4 b3 23. c5 Ba6 24. Kf2 Rd8 25. Ke1 Nd5 26. Re4 Kf8 27. Kd2 b2
28. Kc2 Bd3+ 29. Kxb2 Bxe4 30. Bxe4 Nxe3 31. Kc3 Nd5+ 32. Kc4 Nc7 33. Bxb7 f6
34. Be4 Kf7 35. Bc3 Ke6 36. h4 g6 37. Ba5 Rd7 38. Bb7 Rf7 39. Bc6 g5 40. h5 f5
41. Bf3 f4 42. g4 Re7 1/2-1/2

[Event "4NCL Division 3 North"]
[Site "Doncaster, ENG"]
[Date "2019.11.10"]
[Round "2.52"]
[White "White, Mark W"]
[Black "Patrick, David A"]
[Result "1-0"]
[WhiteElo "2015"]
[BlackElo "1880"]
[PlyCount "71"]
[EventDate "2019.11.10"]
[WhiteTeam "Jorvik"]
[BlackTeam "Bradford DCA Knights B"]

1. e4 e6 2. d4 d5 3. Bd3 dxe4 4. Bxe4 Nf6 5. Bf3 Nc6 6. Ne2 Be7 7. Bf4 O-O 8.
O-O Nd5 9. Bg3 Bf6 10. c3 Be7 11. Re1 Bh4 12. Nd2 Bxg3 13. Nxg3 Rb8 14. Nde4
Nce7 15. Qd2 Ng6 16. Rad1 Ndf4 17. Qc2 b6 18. Nd2 Bb7 19. Bxb7 Rxb7 20. Qe4 Rb8
21. Nf3 Re8 22. h4 h5 23. c4 Qf6 24. Qc6 Nxh4 25. Nxh4 Qxh4 26. Re4 f5 27. Nxf5
Qg5 28. Ne3 Rf8 29. Kf1 h4 30. Re5 Qg6 31. Qe4 Qf7 32. Ng4 Nh5 33. Ke2 Nf4+ 34.
Ke1 Rbd8 35. Rg5 c5 36. Nh6+ 1-0

[Event "4NCL Division 3 North"]
[Site "Doncaster, ENG"]
[Date "2019.11.10"]
[Round "2.53"]
[White "Baxter, Harold"]
[Black "Hodge, Steve R"]
[Result "1-0"]
[WhiteElo "1862"]
[BlackElo "2008"]
[PlyCount "73"]
[EventDate "2019.11.10"]
[WhiteTeam "Bradford DCA Knights B"]
[BlackTeam "Jorvik"]

1. e4 c5 2. Nc3 Nc6 3. Nf3 e5 4. g3 d6 5. Bg2 Be7 6. Nd5 Nf6 7. Nxf6+ Bxf6 8.
c3 Be6 9. d3 O-O 10. Be3 Rc8 11. O-O b6 12. Nd2 d5 13. exd5 Bxd5 14. Ne4 Be7
15. f4 f5 16. Nf2 exf4 17. gxf4 Rf6 18. Bf3 Rh6 19. Nh1 Rd6 20. Ng3 g6 21. Be2
Bh4 22. Qc1 Qd7 23. Rf2 Re8 24. Bf1 Bf6 25. Bh3 Ne7 26. Qf1 Bb7 27. Rd1 Nd5 28.
Bc1 Ne3 29. Bxe3 Rxe3 30. Bg2 Rexd3 31. Re1 Rd1 32. Bxb7 Rxe1 33. Qxe1 Rd1 34.
Qxd1 Qxd1+ 35. Kg2 b5 36. Bf3 a5 37. Bxd1 1-0

[Event "4NCL Division 3 North"]
[Site "Doncaster, ENG"]
[Date "2019.11.10"]
[Round "2.54"]
[White "Mounce, Richard B"]
[Black "Slinger, Tony J"]
[Result "1/2-1/2"]
[WhiteElo "1961"]
[BlackElo "1832"]
[PlyCount "47"]
[EventDate "2019.11.10"]
[WhiteTeam "Jorvik"]
[BlackTeam "Bradford DCA Knights B"]

1. e4 c5 2. Nf3 Nc6 3. d4 cxd4 4. Nxd4 e5 5. Nb5 d6 6. N1c3 a6 7. Na3 Be7 8.
Nc4 b5 9. Ne3 Nf6 10. Ned5 O-O 11. Nxe7+ Nxe7 12. Bg5 Bb7 13. Bxf6 gxf6 14.
Qg4+ Kh8 15. O-O-O Ng6 16. Nd5 Bxd5 17. exd5 Qc8 18. Qxc8 Rfxc8 19. g3 Rc5 20.
Bh3 Ra7 21. Rhe1 Rac7 22. Rd2 Ne7 23. Red1 Kg7 24. f4 1/2-1/2

[Event "4NCL Division 3 North"]
[Site "Doncaster, ENG"]
[Date "2019.11.10"]
[Round "2.55"]
[White "Adam, David W"]
[Black "Cowan, Richard M"]
[Result "0-1"]
[WhiteElo "1812"]
[BlackElo "1829"]
[PlyCount "114"]
[EventDate "2019.11.10"]
[WhiteTeam "Bradford DCA Knights B"]
[BlackTeam "Jorvik"]

1. c4 g6 2. Nc3 Bg7 3. g3 d6 4. Bg2 e5 5. d3 c6 6. e4 Ne7 7. Nge2 O-O 8. O-O
Be6 9. Qc2 Nd7 10. b3 Rc8 11. Ba3 Qc7 12. Rad1 Nf6 13. h3 b5 14. Qd2 Qb8 15.
Bb2 b4 16. Nb1 d5 17. g4 Rfd8 18. Ng3 dxc4 19. bxc4 Bxc4 20. Qe2 Bxa2 21. Nd2
c5 22. g5 Ne8 23. h4 Qb5 24. Nf3 Nc6 25. h5 Bb3 26. Rd2 Nc7 27. Bh3 Be6 28. Nf5
gxf5 29. exf5 Nd5 30. Qe4 Nf4 31. fxe6 Nxh3+ 32. Kh2 fxe6 33. Kxh3 Rd5 34. h6
Rf8 35. hxg7 Rf4 36. Qe3 Ne7 37. Nxe5 Rh4+ 38. Kg2 Nf5 39. Qe2 Qb7 40. f3 Qxg7
41. Ng4 e5 42. Bxe5 Rxg4+ 43. fxg4 Nh4+ 44. Kh3 Rxe5 45. Qf2 Ng6 46. Re2 Rxe2
47. Qxe2 Qe5 48. Qf3 Qxg5 49. Qf7+ Kh8 50. Qe8+ Kg7 51. Rf7+ Kh6 52. Qe4 Qe5
53. Qf3 a5 54. Rf5 Qe7 55. g5+ Kg7 56. Qf2 Qd7 57. Kg2 Qxf5 0-1

[Event "4NCL Division 3 North"]
[Site "Doncaster, ENG"]
[Date "2019.11.10"]
[Round "2.56"]
[White "Flint, Martina"]
[Black "Johnson, Paul A"]
[Result "1/2-1/2"]
[WhiteElo "1817"]
[BlackElo "1807"]
[PlyCount "137"]
[EventDate "2019.11.10"]
[WhiteTeam "Jorvik"]
[BlackTeam "Bradford DCA Knights B"]

1. f4 d5 2. g3 Nf6 3. Bg2 c5 4. Nf3 Nc6 5. O-O e6 6. d3 Bd6 7. c3 d4 8. Na3 O-O
9. Nc4 Qc7 10. Ng5 Bd7 11. Ne4 Be7 12. Bd2 Rad8 13. Qe1 Bc8 14. h3 Nxe4 15.
dxe4 f5 16. e5 b6 17. Na3 a6 18. Kh2 Bb7 19. Rc1 Rd7 20. Nc2 Rfd8 21. cxd4 Nxd4
22. Nxd4 Rxd4 23. Bc3 Bxg2 24. Kxg2 Qb7+ 25. Kh2 R4d7 26. Qf2 c4 27. g4 fxg4
28. hxg4 Qe4 29. Qf3 Qxf3 30. Rxf3 Rd1 31. Rxd1 Rxd1 32. Re3 Bc5 33. Re4 b5 34.
a3 g6 35. f5 gxf5 36. gxf5 exf5 37. Rf4 Rd8 38. Rxf5 Bd4 39. Kg2 Bxc3 40. bxc3
Rf8 41. Rh5 Kg7 42. e6 Re8 43. e4 Rxe6 44. Kf3 Kg6 45. Rd5 h5 46. Rd4 Rf6+ 47.
Kg3 Kf7 48. a4 Rb6 49. Kh4 Kg6 50. axb5 axb5 51. Rd5 Re6 52. Rg5+ Kf6 53. Rf5+
Ke7 54. Kxh5 Rxe4 55. Rxb5 Re3 56. Kg4 Kd6 57. Kf4 Rxc3 58. Ke4 Kc6 59. Rg5 Rd3
60. Rh5 Rd6 61. Rg5 Kb6 62. Ke3 c3 63. Ke2 Rd2+ 64. Ke1 Rd6 65. Ke2 c2 66. Rg1
Rc6 67. Rc1 Kb5 68. Kd2 Kb4 69. Rxc2 1/2-1/2

[Event "4NCL Division 3 North"]
[Site "Doncaster, ENG"]
[Date "2019.11.10"]
[Round "2.61"]
[White "Hilton, Tim"]
[Black "Crocker, Philip J"]
[Result "0-1"]
[WhiteElo "1975"]
[BlackElo "2081"]
[PlyCount "52"]
[EventDate "2019.11.10"]
[WhiteTeam "Manchester Manticores 3"]
[BlackTeam "Spirit of Atticus B"]

1. d4 d5 2. Nc3 Nf6 3. Bf4 Bf5 4. f3 e6 5. g4 Bg6 6. h4 h5 7. g5 Nfd7 8. e3 Bd6
9. Nh3 Nc6 10. Bd3 Bxd3 11. Qxd3 Qe7 12. e4 dxe4 13. Nxe4 Bxf4 14. Nxf4 O-O-O
15. c3 e5 16. d5 Nb6 17. Qb5 a6 18. d6 Rxd6 19. Nxd6+ Qxd6 20. Qb3 exf4 21.
Qxf7 Qe5+ 22. Kf1 Nd5 23. Re1 Ne3+ 24. Kg1 Nd8 25. Qb3 Ne6 26. Rh2 Rd8 0-1

[Event "4NCL Division 3 North"]
[Site "Doncaster, ENG"]
[Date "2019.11.10"]
[Round "2.62"]
[White "Phillips, David A"]
[Black "Tyton, Adam"]
[Result "1/2-1/2"]
[WhiteElo "2068"]
[BlackElo "1967"]
[PlyCount "85"]
[EventDate "2019.11.10"]
[WhiteTeam "Spirit of Atticus B"]
[BlackTeam "Manchester Manticores 3"]

1. Nf3 Nf6 2. g3 c6 3. Bg2 d5 4. O-O g6 5. d4 Bg7 6. c4 O-O 7. Nc3 dxc4 8. b3
Nd5 9. Bb2 Nxc3 10. Bxc3 Be6 11. Ng5 Qd6 12. Nxe6 Qxe6 13. d5 Qg4 14. h3 Qd7
15. Bxg7 Kxg7 16. bxc4 cxd5 17. cxd5 Na6 18. Qd4+ Kg8 19. Rac1 b6 20. Rfd1 Rac8
21. h4 Rfd8 22. h5 Rxc1 23. Rxc1 Nc5 24. h6 f6 25. e4 Qg4 26. Rxc5 bxc5 27.
Qxc5 Qd1+ 28. Kh2 Qh5+ 29. Bh3 Rd6 30. Qxa7 Kf7 31. Kg2 Qxh6 32. Be6+ Rxe6 33.
dxe6+ Kxe6 34. Qc5 Qd2 35. a4 Qd6 36. Qc4+ Kd7 37. a5 Qc6 38. Qd4+ Kc7 39. Kh2
Kb7 40. Qb4+ Ka6 41. Qxe7 Kxa5 42. Qxh7 Qxe4 43. Qc7+ 1/2-1/2

[Event "4NCL Division 3 North"]
[Site "Doncaster, ENG"]
[Date "2019.11.10"]
[Round "2.63"]
[White "Whitehead, Mark A"]
[Black "Miles, Richard"]
[Result "1/2-1/2"]
[WhiteElo "1952"]
[BlackElo "1964"]
[PlyCount "44"]
[EventDate "2019.11.10"]
[WhiteTeam "Manchester Manticores 3"]
[BlackTeam "Spirit of Atticus B"]

1. e4 c5 2. Nc3 Nc6 3. g3 g6 4. Bg2 Bg7 5. d3 d6 6. Nge2 e6 7. O-O Nge7 8. Be3
Nd4 9. Rb1 Rb8 10. b4 Nec6 11. a3 O-O 12. h3 b6 13. f4 Qc7 14. Qd2 f5 15. b5
Ne7 16. g4 Bb7 17. Ng3 Qd7 18. a4 a6 19. Nd1 axb5 20. c3 Ndc6 21. axb5 Na7 22.
gxf5 gxf5 1/2-1/2

[Event "4NCL Division 3 North"]
[Site "Doncaster, ENG"]
[Date "2019.11.10"]
[Round "2.64"]
[White "Mort, Andrew J"]
[Black "Livesey, R Nigel"]
[Result "1/2-1/2"]
[WhiteElo "1922"]
[BlackElo "1855"]
[PlyCount "53"]
[EventDate "2019.11.10"]
[WhiteTeam "Spirit of Atticus B"]
[BlackTeam "Manchester Manticores 3"]

1. c4 Nf6 2. g3 e5 3. Bg2 Nc6 4. Nc3 g6 5. Nf3 Bg7 6. O-O d6 7. d3 O-O 8. Rb1
a5 9. a3 Bd7 10. Nd2 Rb8 11. b4 axb4 12. axb4 Qc8 13. Re1 Nd8 14. b5 Ne6 15.
Ba3 b6 16. e3 Ng5 17. Bb2 Nh3+ 18. Kf1 Ng5 19. f4 exf4 20. exf4 Ne6 21. Nf3 Nc5
22. d4 Nb7 23. Nh4 Bh3 24. Qd3 Bxg2+ 25. Kxg2 Re8 26. Nf3 Na5 27. Nd2 1/2-1/2

[Event "4NCL Division 3 North"]
[Site "Doncaster, ENG"]
[Date "2019.11.10"]
[Round "2.65"]
[White "Lonsdale, Jon I"]
[Black "Johnson, Michael D"]
[Result "1/2-1/2"]
[WhiteElo "1840"]
[BlackElo "1935"]
[PlyCount "85"]
[EventDate "2019.11.10"]
[WhiteTeam "Manchester Manticores 3"]
[BlackTeam "Spirit of Atticus B"]

1. e4 e6 2. d4 d5 3. e5 c5 4. c3 Nc6 5. Nf3 Qb6 6. a3 a5 7. b3 Bd7 8. Be3 cxd4
9. cxd4 Rc8 10. Be2 Nb8 11. Qd3 Ne7 12. O-O Nf5 13. Bc1 Nc6 14. Bb2 Na7 15. a4
Nc6 16. Rc1 Bb4 17. Na3 Bxa3 18. Rxa3 O-O 19. Raa1 Nb4 20. Qd1 Rc6 21. Rxc6
Bxc6 22. Rc1 Bd7 23. Ba3 Rc8 24. Rxc8+ Bxc8 25. Bb5 Nc6 26. Bc5 Qc7 27. g4 Nfe7
28. Qc1 h6 29. Qc3 Ng6 30. Bd6 Qb6 31. h3 Bd7 32. Kh2 Qd8 33. Kg3 Nf8 34. Qc5
Nh7 35. Nd2 h5 36. Bd3 hxg4 37. hxg4 Qg5 38. f4 Qh6 39. Nf3 Qh1 40. Qc3 Qd1 41.
Bc5 Nf8 42. Qc2 Qxc2 43. Bxc2 1/2-1/2